00242nam a2200097Ia 4500008004100000100001900041245003800060260002200098942000700120999001700127190216s9999||||xx |||||||||||||| ||und|| aPichamuthu C S 0aIndiayude Boudika Boomishashthram bKerala Basha Inst cBK c38907d38907